Разработка методики ландшафтно - геохимического районирования территории применительно к целям оценки качества подземных вод; Изучить геохимию тяжелых металлов в природных водах основных ландшафтных зон юго- востока Западной Сибири в связи с экологической оценкой состояния окружающей среды: Промежуточный отчет о НИР; Тема: г/б Том Г-2

Bibliografiske detaljer
Institution som forfatter: Томский политехнический университет (ТПУ) (595)
Andre forfattere: Шварцев С. Л. Степан Львович (руководитель), Лукин А. А. (исполнитель)
Sprog:russisk
Udgivet: Томск, 1991
Fag:
Format: MixedMaterials Bog
KOHA link:https://koha.lib.tpu.ru/cgi-bin/koha/opac-detail.pl?biblionumber=151230

MARC

LEADER 00000nbm0a2200000 4500
001 151230
005 20231031150556.0
029 0 0 |a SU  |b 01910028407  |f ТПУ 
035 |a (RuTPU)RU\TPU\book\163966 
090 |a 151230 
100 |a 20090121d1991 k y0rusy50 ca 
101 0 |a rus 
102 |a RU 
105 |a a p 001zy 
200 1 |a Разработка методики ландшафтно - геохимического районирования территории применительно к целям оценки качества подземных вод  |a Изучить геохимию тяжелых металлов в природных водах основных ландшафтных зон юго- востока Западной Сибири в связи с экологической оценкой состояния окружающей среды  |e Промежуточный отчет о НИР  |e Тема: г/б Том Г-2  |f Томский политехнический университет (ТПУ) ; руководитель С. Л. Шварцев ; А. А. Лукин 
210 |a Томск  |d 1991 
215 |a 74 л. 
320 |a Библиогр.: с. 73-74 
610 1 |a ландшафтно-геохимическое районирование 
610 1 |a подземные воды 
610 1 |a оценка качества 
610 1 |a тяжелые металлы 
610 1 |a окружающая среда 
610 1 |a экологическая оценка 
610 1 |a отчеты о НИР 
675 |a 556.3(571)  |v 3 
702 1 |a Шварцев  |b С. Л.  |c российский гидрогеолог, доктор геолого-минералогических наук  |c профессор Томского политехнического университета, академик РАЕН  |f 1936-  |g Степан Львович  |2 stltpush  |3 (RuTPU)RU\TPU\pers\25914  |4 673 
702 1 |a Лукин  |b А. А.  |4 677 
712 0 2 |a Томский политехнический университет (ТПУ)  |c (1991- )  |2 stltpush  |3 (RuTPU)RU\TPU\col\376  |4 595 
801 1 |a RU  |b 63413507  |c 20090121  |g PSBO 
801 2 |a RU  |b 63413507  |c 20100519  |g PSBO 
942 |c BK